[Event "FRA-ch U10 Girls"]
[Site "Aix les Bains"]
[Date "2006.??.??"]
[Round "2"]
[White "Curtit, Sarah"]
[Black "Touzet, Camille"]
[Result "0-1"]
[WhiteElo "1540"]
[BlackElo "1310"]
[PlyCount "62"]
[EventDate "2006.04.16"]
[EventType "swiss"]
[EventRounds "9"]
[EventCountry "FRA"]
[SourceTitle "EXT 2007"]
[Source "ChessBase"]
[SourceDate "2006.11.23"]
[SourceVersion "1"]
[SourceVersionDate "2006.11.23"]
[SourceQuality "1"]

1. e4 e5 2. Nf3 Nc6 3. Nc3 Nf6 4. Bb5 Bc5 5. Nxe5 Nxe5 6. d4 a6 7. dxe5 axb5 8. exf6 Qxf6 9. 0-0 Qe5 10. Nxb5 Bd6 11. g3 Qxb5 12. Bd2 Be5 13. Rb1 d5 14. Bg5 Bh3 15. Re1 h6 16. Bc1 f6 17. f4 Bd6 18. exd5+ Kd7 19. b4 Bc5+ 20. Kh1 Bf2 21. Re2 Ba7 22. Qe1 Rae8 23. Re6 Qxd5+ 24. Qe4 Qxe4+ 25. Rxe4 Rxe4 26. Ba3 Re2 27. Rd1+ Kc6 28. b5+ Kxb5 29. c4+ Ka4 30. c5 Rd8 31. Rxd8 Re1# 0-1